Kutatásmódszertan alapismeretek [3.]
Elmentve itt :
| Szerző: | |
|---|---|
| Testületi szerző: | |
| Dokumentumtípus: | Prezentáció |
| Megjelent: |
2012
|
| Kulcsszavak: | tudományos munka tudományos kutatás módszer |
| Tárgyszavak: | |
| Online Access: | http://eta.bibl.u-szeged.hu/4642 |
| LEADER | 00862nnm a2200229 i 4500 | ||
|---|---|---|---|
| 001 | eta4642 | ||
| 005 | 20210109120643.0 | ||
| 008 | 210109s2012 hu o 0|| hun d | ||
| 040 | |a SZTE Elektronikus Tananyag Archívum |b hun | ||
| 041 | |a hun | ||
| 100 | 2 | |a Kocsis-Nagy Zsolt | |
| 245 | 1 | 0 | |a Kutatásmódszertan alapismeretek [3.] |h [elektronikus dokumentum] / |c Kocsis-Nagy Zsolt |
| 260 | |c 2012 | ||
| 300 | |a 38 | ||
| 516 | |a Presentation | ||
| 650 | 4 | |a Orvos- és egészségtudomány | |
| 650 | 4 | |a Egészségtudományok | |
| 695 | |a tudományos munka | ||
| 695 | |a tudományos kutatás | ||
| 695 | |a módszer | ||
| 711 | |a Szociális Munka és Szociálpolitika Tanszéki Tudományos Diákköri Tanács Kutatásmódszertan alapismeretek kurzus |c Szeged, Magyarország |d 2012. 05. 25. | ||
| 856 | 4 | 0 | |u https://eta.bibl.u-szeged.hu/4642/1/2010-0012_86_03.pdf |z Dokumentum-elérés |